Ain frydsams vnnd || Christlichs Gesprech/ains Euangelischen/|| auff ainer/vnd ains Widerteüffers/auff der || anderen seyten/so sy des Aydschwůrs || halben mitainander || thůnd.|| ... ||

Saved in:  
Bibliographic Details
Subtitles:Ain frydsams vnnd Christlichs Gesprech/ains Euangelischen auff ainer/vnd ains Widerteüffers/auff der anderen seyten/so sy des Aydschwůrs halben mitainander thůnd. .
Ein friedsames und christliches Gespräch eines Evangelischen auf einer und eines Wiedertäufers auf der anderen Seiten, so sie des Eidschwurs halben miteinander tun
Main Author: Musculus, Wolfgang 1497-1563 (Author)
Format: Print Book
Language:German
Check availability: HBZ Gateway
WorldCat: WorldCat
Interlibrary Loan:Interlibrary Loan for the Fachinformationsdienste (Specialized Information Services in Germany)
Published: Augsburg Ulhart, Philipp d.Ä. 1533
In:Year: 1533
Online Access: // 2013 digitalisiert von꞉ Österreichische Nationalbibliothek, Wien. Exemplar der ÖNB mit der Signatur꞉ 43.K.100
// Exemplar mit der Signatur꞉ München, Bayerische Staatsbibliothek -- 4 Mor. 199
// Exemplar mit der Signatur꞉ München, Bayerische Staatsbibliothek -- Res/4 J.can.p. 161#Beibd.1--
Parallel Edition:Electronic Reproduction: München : Bayerische Staatsbibliothek, 2008. - urn:nbn:de:bvb:12-bsb00019868-9
Electronic Reproduction: München : Bayerische Staatsbibliothek, 2012. - urn:nbn:de:bvb:12-bsb10989954-6
Sammlungen:

MARC

LEADER 00000cam a2200000 c 4500
001 568104447
003 DE-627
005 20260326091703.0
007 tu
008 080602s1533 xx ||||| 00| ||ger c
024 7 |a VD16 M 7282  |2 vd16 
035 |a (DE-627)568104447 
035 |a (DE-576)9568104445 
035 |a (DE-599)BVBVD0086665 
035 |a (OCoLC)934320884 
035 |a (VD16)VD0086665 
040 |a DE-627  |b ger  |c DE-627  |e rakwb 
041 |a ger 
084 |a 1  |2 ssgn 
100 1 |e VerfasserIn  |0 (DE-588)11948370X  |0 (DE-627)136157424  |0 (DE-576)212707566  |4 aut  |a Musculus, Wolfgang  |d 1497-1563 
109 |a Meüßlin, Wolfgang 1497-1563  |a W.M. 1497-1563  |a Müßlin, Wolfgang 1497-1563  |a Musculus, Wolffgang 1497-1563  |a Meusslin, Wolfgang 1497-1563  |a Musculus, Vuolffgangus 1497-1563  |a Musculus, Vuolfgangus 1497-1563  |a Mäuslin, Wolfgang 1497-1563  |a Mueßlin, Wolfgang 1497-1563  |a Meuslin, Wolfgang 1497-1563  |a Meußlin, Wolfgang 1497-1563  |a Musculus, Wolfgang 1497-1563  |a Musculus, Wolffgangus 1497-1563  |a Musculus, Volfgang 1497-1563  |a Musculus, Wolfgangus 1497-1563  |a Mösel, Wolfgang 1497-1563  |a Musculus, Wulffgangus 1497-1563  |a Myo, Eutychius 1497-1563  |a Mäußlin, Wolfgang 1497-1563  |a W. M. 1497-1563  |a Myon, Eutichius 1497-1563  |a Müslin, Wolfgang 1497-1563  |a Mosel, Wolfgang 1497-1563  |a Myonius, Eutichius 1497-1563  |a Musculus, Eutychius 1497-1563  |a Myon, Eutychius 1497-1563  |a Müsli, Wolfgang 1497-1563  |a Mäusslin, Wolfgang 1497-1563  |a Müssli, Wolfgang 1497-1563 
240 1 4 |a Ein friedsames und christliches Gespräch eines Evangelischen auf einer und eines Wiedertäufers auf der anderen Seiten, so sie des Eidschwurs halben miteinander tun 
245 1 0 |a Ain frydsams vnnd || Christlichs Gesprech/ains Euangelischen/|| auff ainer/vnd ains Widerteüffers/auff der || anderen seyten/so sy des Aydschwůrs || halben mitainander || thůnd.|| ... || 
246 1 |i Abweichender Titel  |a Ain frydsams vnnd Christlichs Gesprech/ains Euangelischen auff ainer/vnd ains Widerteüffers/auff der anderen seyten/so sy des Aydschwůrs halben mitainander thůnd. ... 
246 3 3 |a Ein friedsames und christliches Gespräch eines Evangelischen auf einer und eines Wiedertäufers auf der anderen Seiten, so sie des Eidschwurs halben miteinander tun 
246 3 3 |a Ain frydsams vnnd Christlichs Gesprech/ains Euangelischen auff ainer/vnd ains Widerteüffers/auff der anderen seyten/so sy des Aydschwůrs halben mitainander thůnd. ... 
264 1 |a Augsburg  |b Ulhart, Philipp d.Ä.  |c 1533 
300 |a [16] Bl.  |c 4° 
336 |a Text  |b txt  |2 rdacontent 
337 |a ohne Hilfsmittel zu benutzen  |b n  |2 rdamedia 
338 |a Band  |b nc  |2 rdacarrier 
500 |a Bemerkung zur Verfasserangabe: Verfasser nicht auf der Haupttitelseite genannt 
500 |a Vorlageform der Veröffentlichungsangabe: M.D.XXXIII.||(Vltima Iulii.||)[Augsburg:Philipp Ulhart d.Ä.] 
751 |a Augsburg  |4 pup 
776 0 8 |i Elektronische Reproduktion  |d München : Bayerische Staatsbibliothek, 2008  |o urn:nbn:de:bvb:12-bsb00019868-9 
776 0 8 |i Elektronische Reproduktion  |d München : Bayerische Staatsbibliothek, 2012  |o urn:nbn:de:bvb:12-bsb10989954-6 
856 4 1 |u http://data.onb.ac.at/ABO/+Z166292407  |x Digitalisierung  |z // 2013 digitalisiert von꞉ Österreichische Nationalbibliothek, Wien. Exemplar der ÖNB mit der Signatur꞉ 43.K.100  |z kostenfrei  |7 0 
856 4 1 |u http://mdz-nbn-resolving.de/urn:nbn:de:bvb:12-bsb00019868-9  |x Resolving-System  |z // Exemplar mit der Signatur꞉ München, Bayerische Staatsbibliothek -- Res/4 J.can.p. 161#Beibd.1--  |z kostenfrei  |7 0 
856 4 1 |u http://mdz-nbn-resolving.de/urn:nbn:de:bvb:12-bsb10989954-6  |x Resolving-System  |z // Exemplar mit der Signatur꞉ München, Bayerische Staatsbibliothek -- 4 Mor. 199  |z kostenfrei  |7 0 
935 |a FBGO  |a mteo 
951 |a BO 
ELC |b 1 
LOK |0 000 xxxxxcx a22 zn 4500 
LOK |0 001 4588184776 
LOK |0 003 DE-627 
LOK |0 004 568104447 
LOK |0 005 20260326091037 
LOK |0 008 241007||||||||||||||||ger||||||| 
LOK |0 040   |a DE-Tue135  |c DE-627  |d DE-Tue135 
LOK |0 092   |o n 
LOK |0 852   |a DE-Tue135 
LOK |0 852 1  |9 00 
LOK |0 866   |x SPQUE#Forschungsbibliothek Gotha#SPSAM#Bestand Theologie (bis 2024-03) 
LOK |0 866   |x SPQUE#VD (Historische deutsche Nationalbibliographie)#SPSAM#VD16 
LOK |0 935   |a FBGO  |a goth  |a ixvd  |a ixv6 
LOK |0 939   |a 2024-10-07  |b l01 
OAS |a 1 
ORI |a TA-MARC-ixtheoa001.raw